| 000 | 00664nam a2200217Ia 4500 | ||
|---|---|---|---|
| 003 | GCL | ||
| 008 | 140319s9999 xx 000 0 eng d | ||
| 020 | _a0684802945 | ||
| 040 |
_aGCL / _cGCL |
||
| 082 | 0 | 4 |
_a956.953044092 _bA T |
| 100 | 1 | _aHANAN, ASHRAWI | |
| 245 | 1 | 0 |
_aTHIS SIDE OF PEACE / _cHANAN, ASHRAWI |
| 260 |
_aنيويورك : _bSIMON & SCHUS TER, INC ، _c1995 |
||
| 300 |
_a24 CM ؛ _c318 P |
||
| 650 | 0 | 4 | _aISRAEL - ARAB CONFLICT |
| 650 | 0 | 4 | _aPEACE |
| 650 | 0 | 4 | _aPALESTINIAN ARABS - POLITICS AND GOVERNMENT |
| 650 | 0 | 4 | _aMUNAZZAMAT AL - TAHRIR AL - FILASTINYAH, 1965 SEPT. |
| 650 | 0 | 4 | _aISRAEL - ARAB CONFLICT - 1967 - 1973 |
| 942 |
_2ddc _cBK |
||
| 999 |
_c4636 _d4636 |
||